[Event "Chelyabinskiy variant-A 2021"]
[Site "Chelyabinsk"]
[Date "2021.03.31"]
[Round "10.3"]
[White "Khanin, Semen"]
[Black "Fedorov, Alexei"]
[Result "1/2-1/2"]
[WhiteElo "2506"]
[BlackElo "2529"]
[Annotator "TA"]
[PlyCount "105"]
[EventDate "2021.03.23"]
[EventType "swiss"]
[EventCountry "RUS"]
[SourceTitle "playchess.com"]
[Source "ChessBase"]
[SourceQuality "1"]

{[%evp 11,105,48,43,43,54,45,65,16,19,0,13,6,13,13,44,19,43,40,17,20,45,10,29,23,38,-10,0,-9,0,0,25,7,1,-2,55,52,69,47,59,71,48,51,77,83,181,122,111,103,106,104,103,120,101,58,62,63,61,60,58,45,66,66,67,65,34,62,66,24,22,27,176,59,65,0,0,0,0,0,0,0,0,0,0,0,0,0,0,0,0,0,0,0,0,0,0,0]} 1. d4 Nf6 2. c4 g6 3. Nc3 Bg7 4. e4 d6 5. Be2 O-O 6. Be3 c6 7. Nf3 {E73: King's Indian: Averbakh Variation without 6...c5.} Nbd7 8. Nd2 a6 {[#]} 9. g4 $146 {White is slightly better.} ({Predecessor:} 9. O-O b5 10. a3 Bb7 11. Rc1 bxc4 12. Bxc4 d5 13. Ba2 e5 14. exd5 Nxd5 15. Nxd5 exd4 {½-½ (60) Rodshtein,M (2688)-Petenyi,T (2454) Czech Republic 2017}) 9... b5 10. g5 Ne8 11. h4 bxc4 12. Bxc4 d5 13. exd5 cxd5 14. Bxd5 Rb8 15. h5 Nb6 16. Bb3 Nd6 17. hxg6 hxg6 18. Qf3 a5 $1 19. a4 Bb7 20. d5 $40 {[%mdl 128] Strongly threatening Qh3. White has some attack.} Qc7 21. Qf4 Rfc8 (21... Bxc3 $2 22. Qh4 $18) 22. Rh3 {[#]} ({Much weaker is} 22. Bd4 e5 $17) 22... Ba6 ({But not} 22... Bxc3 $6 23. Bd4 $16) ({Better is} 22... Qd7 $1 $11 23. Rh2 (23. Qh4 Ba6 $11) (23. Qh2 Ba6) 23... Rxc3 {[%mdl 64] Decoy} 24. bxc3 Nxd5 25. Bxd5 Bxd5) 23. Bd4 $14 {And now Qh4 would win.} Nf5 24. Qxc7 Rxc7 25. Bxg7 Kxg7 26. O-O-O Nd7 27. Bc2 Nd6 {[#]} (27... Rcb7 $16 {was worth a try.}) 28. Re1 (28. Nb3 $1 $18) 28... Nc5 $16 29. Reh1 {Rh7+ would kill now.} Rg8 30. Nf3 Nce4 31. Bxe4 Nxe4 32. Ne5 {aiming for Rh7+.} Nxg5 33. Re3 Bb7 34. Kb1 f6 {[#]} 35. Rg1 $1 Rd8 {[#]} (35... fxe5 36. Rxg5) 36. f4 $1 {Hoping for Nb5.} Bxd5 (36... fxe5 37. fxg5) 37. fxg5 fxe5 38. Rxe5 e6 39. Rd1 {[%cal Rc3d5]} (39. Nxd5 {keeps more tension.} exd5 40. Rc1 Rf7 41. Rc5 Rf5 42. Re7+) 39... Rc4 $1 40. Nxd5 Rxd5 (40... exd5 $11 {and Black stays safe.} 41. Rdxd5 Rxd5 42. Rxd5 Rxa4) 41. Rdxd5 (41. Rexd5 $18 exd5 42. b3) 41... exd5 $14 42. Rxd5 (42. b3 $1 $14 Rc5 43. Kb2) 42... Rxa4 $11 {[%mdl 4096] Endgame KR-KR. The position is equal.} 43. Kc2 Kf7 44. b3 Ra2+ 45. Kb1 Ke6 46. Rb5 Rg2 47. Rxa5 Kd7 48. Kc1 Kc7 49. Kd1 Rb2 50. Ra6 Rxb3 51. Rxg6 Kd7 52. Ke2 Ke7 53. Ra6 {Weighted Error Value: White=0.11/Black=0.14} 1/2-1/2

[Event "Chelyabinskiy variant-A 2021"]
[Site "Chelyabinsk"]
[Date "2021.03.31"]
[Round "10.4"]
[White "Azarov, Sergei"]
[Black "Shuvalova, Polina"]
[Result "1-0"]
[WhiteElo "2604"]
[BlackElo "2476"]
[Annotator "TA"]
[PlyCount "69"]
[EventDate "2021.03.23"]
[EventType "swiss"]
[EventCountry "RUS"]
[SourceTitle "playchess.com"]
[Source "ChessBase"]
[SourceQuality "1"]

{[%evp 17,69,0,0,0,0,0,0,0,0,0,0,0,0,0,3,0,0,0,0,-21,0,-35,-22,-20,-16,-35,0,0,55,52,195,122,108,129,216,239,258,229,326,286,357,354,322,342,313,308,501,483,1757,1920,1650,1624,1386,1360]} 1. e4 e5 2. Nf3 Nc6 3. Bb5 a6 4. Ba4 Nf6 5. O-O Be7 6. Re1 b5 7. Bb3 O-O 8. c3 d5 9. d4 exd4 10. e5 {C89: Closed Ruy Lopez: Marshall Attack.} Ne4 11. cxd4 Bf5 12. Nc3 {The position is equal.} Nxc3 13. bxc3 Na5 {The main line 13...Na5 scores better than 13...Qd7.} 14. Bc2 Bxc2 15. Qxc2 Nc4 16. Bf4 $5 {[%mdl 4] [#] Exploring less charted territory.} a5 $146 ({Predecessor:} 16... Rb8 17. a4 b4 18. cxb4 Rxb4 19. Qd3 Qd7 20. Bd2 Rxa4 21. Rxa4 Qxa4 22. Bg5 Bb4 {0-1 (39) Bedard,E (1811)-Garcia Ramirez,C (2233) ICCF email 2017}) 17. Rad1 Ra6 18. g3 Qd7 19. Kg2 Rfa8 (19... h6 {is more complex.} 20. Re2 b4 21. Bc1 Rfa8 22. Qd3 Rc6) 20. Re2 Rc6 (20... b4 {keeps more tension.} 21. Qd3 Rg6 22. Bc1 Rc6 23. Bg5 Bf8) 21. Qb1 Rg6 (21... b4 {is interesting.} 22. Qd3 h6 23. Bc1 Rb8 24. cxb4 axb4 25. Rc2 Ra8) 22. h4 Raa6 (22... b4 $11) 23. Ng5 $1 $14 Qe8 {[#]} (23... Bxg5 $14 24. hxg5 h6) 24. Rde1 (24. Nxh7 $1 $18 {[%mdl 512]} b4 25. cxb4 (25. h5 Rh6 $11)) 24... Bxg5 $16 25. hxg5 Qc6 (25... b4 $16) 26. Bc1 $18 Re6 27. f4 g6 (27... b4 $142 28. f5 (28. cxb4 axb4 29. f5 Re8 $16) 28... Re8) 28. g4 Re8 29. f5 Qd7 30. Qd3 b4 31. Rh1 bxc3 $2 (31... c5 {keeps fighting.} 32. dxc5 Rc6 33. cxb4 axb4) 32. Rh6 {Black must now prevent Qh3.White is clearly winning.} ({Not} 32. Qh3 h5 $18) 32... Rb6 (32... Qa4 $142 33. e6 Raxe6 34. fxe6 Rxe6 35. Rxe6 fxe6) 33. Qh3 gxf5 34. Rxh7 {White threatens Rh8+ and mate.} Kf8 35. gxf5 {Weighted Error Value: White=0.06/Black=0.36} 1-0

[Event "Chelyabinskiy variant-A 2021"]
[Site "Chelyabinsk"]
[Date "2021.03.31"]
[Round "10.5"]
[White "Frolyanov, Dmitry"]
[Black "Nesterov, Arseniy"]
[Result "0-1"]
[WhiteElo "2542"]
[BlackElo "2476"]
[Annotator "TA"]
[PlyCount "200"]
[EventDate "2021.03.23"]
[EventType "swiss"]
[EventCountry "RUS"]
[SourceTitle "playchess.com"]
[Source "ChessBase"]
[SourceQuality "1"]

{[%evp 11,200,20,11,11,2,0,0,0,13,18,13,21,20,23,54,54,58,63,66,43,42,47,75,34,23,0,0,0,0,0,0,0,0,0,0,-27,-16,-27,0,0,0,0,0,-23,-27,-35,-23,-23,-23,-23,-24,-24,-24,-47,0,-6,-5,-24,-24,-49,-48,-48,-48,-49,-49,-49,-49,-49,-49,-49,-49,-49,-49,-49,-37,-91,-78,-91,-65,-65,-65,-65,-65,-65,-46,-43,0,-65,0,-65,-65,-116,-116,-116,-116,-116,-116,-139,-116,-173,-116,-116,-116,-135,-116,-116,-116,-116,-116,-116,-116,-116,-116,-116,-116,-116,-116,-116,-116,-392,-116,-155,-155,-147,-125,-352,-363,-344,-151,-148,-165,-152,-103,-906,-848,-695,-689,-637,-554,-675,-708,-529,-508,-552,-538,-576,-525,-383,-371,-683,-691,-691,-683,-669,-654,-611,-633,-602,-566,-1692,-1501,-1897,-1899,-1725,-1626,-1160,-930,-1659,-1283,-29977,-29978,-29978,-29979,-29979,-29980,-29980,-29981,-29981,-29982,-29982,-29983,-29983,-29984,-29984,-29985,-29985,-29986,-29986,-29987,-29988,-29989]} 1. e4 c6 2. Nc3 d5 3. Nf3 Bg4 4. h3 Bxf3 5. Qxf3 e6 6. g3 Nf6 {The main line 6...Nf6 scores better than 6...Nd7.} 7. Bg2 {B11: Caro-Kann: Two Knights Variation.} Bc5 8. O-O O-O 9. Qe2 {The position is equal.} Bd4 10. d3 Nbd7 11. Nd1 {[%cal Bc3d1,Bd1e3,Be3f5][%mdl 32]} dxe4 12. dxe4 {[#]} e5 $146 ({Predecessor:} 12... Qc7 13. c3 Bc5 14. Ne3 a5 15. Kh2 Rfe8 16. a4 Bf8 17. Nc4 Nc5 18. Bg5 h6 19. Bxf6 gxf6 {½-½ (46) Adams,M (2727)-Tari,A (2578) Heraklion 2017}) 13. Ne3 a5 14. Nf5 Bc5 15. Bg5 h6 16. Bd2 Qb6 17. Rad1 Rfd8 18. Bc3 Bb4 19. Qc4 Bxc3 20. Qxc3 Qb4 21. Rd3 Qxc3 22. Rxc3 Nf8 23. Rc1 Ne6 24. Kf1 Nd4 25. Nxd4 Rxd4 26. Rd3 Rad8 27. Rcd1 Rxd3 28. cxd3 $11 {[%mdl 4096] Endgame KRB-KRN} Ne8 29. Ke2 Nc7 30. f4 f6 31. Ke3 Ne6 32. Rc1 Rd6 33. Bf3 b6 {[%cal Bb7b6,Bb6b5][%mdl 32]} 34. Bd1 Nd4 35. f5 Kf7 36. h4 Rd8 37. Ba4 b5 38. Bb3+ Ke7 39. Bd1 a4 {[%cal Ba5a4,Ba4a3][%mdl 32]} 40. Bg4 Kd6 41. Bd1 Rc8 42. Bh5 a3 43. b3 (43. bxa3 $15 Ra8 44. Rc3) 43... Rc7 44. Bd1 b4 45. Rc4 Rb7 46. Kd2 Rb5 47. Bh5 $1 Rc5 48. Bd1 Rb5 49. Bh5 $1 Rb7 50. Bd1 $1 c5 51. h5 (51. Bh5 $15) 51... Nb5 $17 52. Rc2 Kc6 53. Ke3 Rd7 54. Kd2 Rd4 55. Bf3 (55. Ke3 $17 {was worth a try.}) 55... Nd6 (55... c4 $1 $19 56. bxc4 (56. Rxc4+ $2 Rxc4 57. bxc4 b3 $19 {[%mdl 64] Promotion}) 56... Nc3 57. Rxc3 bxc3+ 58. Kxc3 Rd8) 56. Ke3 Kb6 57. Rf2 Nb5 58. Rc2 Rd8 59. Rf2 Nc3 60. Rc2 Rd7 61. Rf2 Nb5 62. Bg4 Rd4 63. Bf3 Nd6 64. Rc2 Nb7 65. Rf2 $2 {[%mdl 8192]} (65. Be2 $17) 65... Na5 $2 (65... c4 $1 $19 66. dxc4 (66. bxc4 $2 Nc5 $19) 66... Nc5) 66. Rc2 c4 67. dxc4 {[#]} Nb7 $1 68. Rc1 $2 (68. Rg2 $17) 68... Nc5 $19 69. Rd1 Nxb3 70. Rb1 $17 ({But not} 70. axb3 $2 Rxd1 71. Bxd1 a2 $19) 70... Nd2 71. Rxb4+ {[#]} Kc5 $1 {White must now prevent ...Nf1+.} 72. Rb7 $2 {[%mdl 8192]} (72. Rb5+ $17 Kxc4 73. Be2+ Kc3 74. Rc5+ Nc4+ 75. Kf3) 72... Nxc4+ $19 73. Kf2 Rd2+ {[%mdl 64] Double Attack} 74. Be2 Nd6 75. Rxg7 Rxa2 76. Ra7 Nxe4+ 77. Kf3 Nd6 78. g4 Kb4 79. Ra6 Rd2 80. Ke3 $2 (80. Rb6+ Kc5 81. Ra6) 80... Rd4 81. Rb6+ Kc3 82. Ra6 Kb2 83. Rb6+ Ka1 84. Bd3 {If White can now play Rb1+ this consolidates a bit.} a2 85. g5 fxg5 86. f6 Nc4+ 87. Bxc4 Rxc4 {KR-KR} 88. Kd3 Rf4 89. Kc2 Rf2+ 90. Kc1 g4 {Black mates.} 91. Rd6 g3 92. Rd1 g2 93. f7 Rf1 94. f8=Q Rxd1+ ({Worse is} 94... Rxf8 95. Kc2#) 95. Kxd1 g1=Q+ {KQ-KQ} 96. Kc2 Qb1+ 97. Kd2 Qb2+ 98. Kd1 Qd4+ 99. Kc2 Qc4+ 100. Kd2 Qf4+ {Weighted Error Value: White=0.07/Black=0.08} 0-1

[Event "Chelyabinskiy variant-A 2021"]
[Site "Chelyabinsk"]
[Date "2021.03.31"]
[Round "10.6"]
[White "Gabrielian, Artur"]
[Black "Drygalov, Andrey"]
[Result "0-1"]
[WhiteElo "2448"]
[BlackElo "2500"]
[Annotator "TA"]
[PlyCount "86"]
[EventDate "2021.03.23"]
[EventType "swiss"]
[EventCountry "RUS"]
[SourceTitle "playchess.com"]
[Source "ChessBase"]
[SourceQuality "1"]

{[%evp 15,86,2,39,34,41,-2,0,-31,-30,-33,-18,-22,-21,-27,-27,-50,-32,-40,-22,-22,-21,-28,-19,-54,-59,-53,-48,-71,-60,-64,-64,-79,-50,-68,-51,-86,-118,-110,-94,-125,-111,-91,0,0,0,0,0,0,0,0,0,-168,-159,-215,-45,-329,-335,-307,-303,-543,-543,-554,-554,-546,-542,-516,-516,-702,-686,-657,-668,-744,-725]} 1. e4 c5 2. Nf3 d6 3. d4 cxd4 4. Nxd4 Nf6 5. Nc3 a6 6. Be2 e5 7. Nb3 Be7 8. Bg5 Nbd7 9. a4 {B92: Sicilian Najdorf: 6 Be2.} h6 10. Bxf6 (10. Bh4 {is more complex.} O-O 11. O-O b6 12. Nd2 Bb7 13. Bc4) 10... Nxf6 11. O-O {The position is equal.} Be6 12. Re1 O-O 13. Bf3 Rc8 {[#]} 14. Nd2 $146 ({Predecessor:} 14. Nd5 Nxd5 15. exd5 Bf5 16. c3 Bg6 17. a5 f5 18. Be2 Bg5 19. Nd2 Bf7 20. Nc4 {½-½ (41) Belova,O-Lu,S (2205) Pardubice 2008}) 14... Qb6 15. Rb1 Qc5 16. Nf1 b5 17. axb5 axb5 {[%cal Ba6b5,Bb5b4][%mdl 32]} 18. Ne3 b4 19. Ne2 Rfd8 {Hoping for ...d5.} 20. Ng3 g6 21. Qe2 h5 22. Ngf1 Bf8 23. h3 Bg7 24. b3 Ne8 25. Rbd1 Nc7 26. Bxh5 gxh5 27. Ng3 d5 28. Qxh5 Qe7 (28... d4 $17 29. Nef5 Ne8) 29. Ngf5 $11 Bxf5 30. Nxf5 Qf6 31. Rd3 Ne6 {And now ...Nf4 would win.} 32. Rg3 $1 d4 ({Don't take} 32... Rxc2 33. exd5 Rxd5 34. Ra1 $15) 33. f4 $2 (33. Ra1 $11 {and White is okay.} Rc3 34. Rg4) 33... Nxf4 $19 34. Qg4 {[#]} (34. Qd1 $17 Ng6 35. Rf1) 34... Rxc2 $2 (34... Kh8 $1 $19 35. Nxg7 Rg8) 35. Qxg7+ $4 {[%mdl 8192] White does not recover from this.} ({White must play} 35. Nxg7 $15 Rc3 36. Nh5+ Qg6 37. Nxf4 Rxg3 38. Nxg6 Rxg4 39. hxg4 fxg6 40. Ra1) 35... Qxg7 36. Rxg7+ Kh8 37. Rg4 $2 (37. Rd1) 37... d3 {Black is clearly winning.} 38. Rd1 d2 39. Rh4+ Kg8 40. Rg4+ Kf8 41. Ne3 {Strongly threatening Rxf4.} Rc1 42. Kf2 Rd3 43. g3 Ne6 {Weighted Error Value: White=0.41/Black=0.13} 0-1

[Event "Chelyabinskiy variant-A 2021"]
[Site "Chelyabinsk"]
[Date "2021.03.31"]
[Round "10.7"]
[White "Demchenko, Anton"]
[Black "Girya, Olga"]
[Result "1-0"]
[WhiteElo "2610"]
[BlackElo "2432"]
[Annotator "TA"]
[PlyCount "89"]
[EventDate "2021.03.23"]
[EventType "swiss"]
[EventCountry "RUS"]
[SourceTitle "playchess.com"]
[Source "ChessBase"]
[SourceQuality "1"]

{[%evp 22,89,-25,-25,-24,-35,-14,-16,0,-4,-4,-15,0,-17,-11,-24,0,0,0,0,7,-9,0,0,0,0,0,0,0,0,0,-104,-99,-83,-85,-91,-91,-165,-87,-88,-21,-12,-20,-22,0,0,0,0,0,0,0,0,8,22,15,8,2195,2041,29967,29968,29966,29965,29964,29968,29967,29968,29964,12845,29969,29962]} 1. Nf3 Nf6 2. g3 d5 3. Bg2 e6 4. O-O Be7 5. d3 O-O 6. Nbd2 c5 7. e4 Nc6 8. Re1 Qc7 9. c3 b6 10. a3 Bb7 11. e5 Nd7 12. d4 {was the old line (12.Qe2).} a5 {C00: French: Unusual White 2nd moves.} 13. Nf1 {[#]} Rfc8 $146 ({Predecessor:} 13... Ba6 14. h4 b5 15. N1h2 b4 16. Bg5 bxc3 17. bxc3 Rab8 18. Bh3 Rfe8 19. Bxe7 Nxe7 20. Ng5 {½-½ (62) Petran,P (2316)-Sale,S (2402) Sibenik 2014}) 14. Bf4 cxd4 {The position is equal.} 15. cxd4 Qd8 16. h4 h6 17. N1h2 Ba6 18. Bh3 a4 19. Ng4 Bf8 20. Ne3 Be7 21. Rc1 {Threatening Nxd5!} Nf8 22. Ng4 Nh7 23. Bxh6 gxh6 24. Nxh6+ Kg7 $1 {[%cal Rg7h6]} 25. Qd2 Qf8 26. Ng4 (26. Qf4 $11 {remains equal.}) 26... Kh8 $17 27. Qf4 Qg7 28. Nh6 Nd8 29. g4 {[#]} (29. Bg2 $17) 29... Rxc1 (29... Bxh4 $1 $19 {[%mdl 512]} 30. Nxh4 Ng5 31. Nxf7+ Ndxf7) 30. Rxc1 {[#]} Rc8 (30... Bxh4 $1 $17 31. Nxh4 Ng5 32. Nxf7+ Ndxf7) 31. Rxc8 $11 Bxc8 32. g5 Ba6 33. Bf1 $36 {[%mdl 2048] White has good play.} Bxf1 34. Kxf1 Qg6 35. Qc1 $1 {[%cal Rc1c7] aiming for Qc7.} Qe4 36. Kg2 Bf8 {And now ...Bxh6 would win.} 37. Qc8 {Hoping for Kg3.} Bxh6 38. gxh6 Qg6+ $2 {[%mdl 8192] Black cannot hold the game after this.} (38... Qg4+ $11 39. Kf1 Qg8) 39. Ng5 $1 $18 {[%mdl 64] Decoy} Nxg5 40. Qxd8+ {[%mdl 64] Double Attack} Kh7 41. Qxg5 Qxh6 42. Qxh6+ Kxh6 43. Kh3 Kh5 44. Kg3 (44. f4 $142 Kg6 45. Kg4 f5+ 46. exf6 Kxf6 47. h5 b5 48. Kh4 Kf5 49. Kg3) 44... Kg6 45. Kg4 {Weighted Error Value: White=0.11/Black=0.50} 1-0

[Event "Chelyabinskiy variant-A 2021"]
[Site "Chelyabinsk"]
[Date "2021.03.31"]
[Round "10.8"]
[White "Petrov, Nikita"]
[Black "Pogosyan, Stefan"]
[Result "0-1"]
[WhiteElo "2571"]
[BlackElo "2444"]
[Annotator "TA"]
[PlyCount "116"]
[EventDate "2021.03.23"]
[EventType "swiss"]
[EventCountry "RUS"]
[SourceTitle "playchess.com"]
[Source "ChessBase"]
[SourceQuality "1"]

{[%evp 13,116,-8,10,-24,25,20,21,0,8,0,23,0,0,5,5,0,4,0,29,27,25,13,39,24,25,25,33,25,25,14,10,12,16,0,0,0,0,-14,-18,-20,-20,-20,-20,-22,-20,-13,-16,-64,-10,-53,-51,-100,-103,-142,-102,-160,-141,-235,-304,-302,-239,-365,-363,-367,-346,-333,-346,-346,-335,-321,-285,-558,-540,-856,-689,-791,-845,-781,-778,-1202,-1178,-971,-700,-923,-641,-762,-920,-1092,-1000,-710,-633,-616,-598,-1136,-1164,-979,-951,-4233,-5104,-5501,-5189,-5497,-5402,-2585,-1781]} 1. d4 Nf6 2. c4 e6 3. Nf3 d5 4. Nc3 Bb4 5. Qa4+ Nc6 6. a3 Bxc3+ 7. bxc3 Bd7 8. Qc2 {D38: Queen's Gambit Declined: Ragozin Defence (4 Nf3 Bb4).} h6 9. cxd5 exd5 10. Bf4 {The position is equal.} O-O 11. e3 Nh5 (11... Rc8 {is interesting.} 12. Bd3 Na5 13. O-O c5 14. Ne5 Be6) 12. Bg3 Nxg3 13. hxg3 {[#]} Na5 $146 ({Predecessor:} 13... Bg4 14. c4 Bxf3 15. gxf3 Re8 16. Be2 dxc4 17. Qxc4 Na5 18. Qc3 c5 19. dxc5 Rc8 {½-½ (61) Nguyen,H (2465)-Farago,I (2482) Budapest 2009}) 14. Bd3 c5 15. Ne5 Nc6 16. Nxd7 Qxd7 17. O-O Qd6 18. dxc5 Qxc5 19. Rfb1 b6 20. Rb5 Qd6 21. Qa2 Rfd8 22. Rd1 Ne7 {[%cal Bc6e7,Be7d5,Bd5c3][%mdl 32]} 23. c4 Qc6 {White must now prevent ...dxc4.} 24. Rbb1 Rac8 {[%cal Rd5c4]} 25. cxd5 (25. Bf1 {looks sharper.} dxc4 26. Rxd8+ Rxd8 27. Bxc4 Qf6 28. a4) 25... Nxd5 {Strongly threatening ...Nc3.} 26. Be4 {[%cal Re4d5]} Nc3 {[%mdl 64] Double Attack} 27. Bxc6 Nxa2 28. Rxd8+ Rxd8 $11 {[%mdl 4096] Endgame KRB-KRN} 29. Rb2 Nc3 30. Kh2 Kf8 ({Better is} 30... Rc8 $15 31. Bb7 Rc7) 31. Rb3 (31. Rc2 $5 {[%cal Rc2c3]} Nb1 32. a4 $11) 31... Nd1 32. f3 {[#] White is on the road to losing.} Rc8 $1 {[%cal Rc8c6]} 33. Bb7 Rc7 34. Ba8 ({White should try} 34. Rd3) 34... Rc3 $17 35. Rxc3 (35. Bd5 $17) 35... Nxc3 {KB-KN} 36. Kg1 Ke7 37. Bc6 (37. Kf2 $142) 37... Kd6 38. Be8 {[#]} f6 $1 39. Kf2 Kc5 40. e4 Kd4 41. a4 a6 {[%cal Ba7a6,Ba6b5,Bb5b4][%mdl 32]} 42. Bd7 $2 (42. Ke1) 42... b5 $19 {Black is clearly winning.} 43. axb5 axb5 44. Be6 Nd1+ 45. Ke2 Ne3 46. Kf2 b4 47. Ba2 Nd1+ 48. Ke1 Nc3 49. Bb3 Ke3 50. Bf7 g5 51. Bc4 Kd4 52. Bf7 Kd3 53. Bg6 {Threatening e5+.} Ke3 54. Bf7 Ne2 55. g4 Nf4 56. Kf1 Nd3 57. Bd5 Kd2 58. Bf7 Nc5 {Weighted Error Value: White=0.71/Black=0.08} 0-1

[Event "Chelyabinskiy variant-A 2021"]
[Site "Chelyabinsk"]
[Date "2021.03.31"]
[Round "10.10"]
[White "Suleymenov, Alisher"]
[Black "Afanasiev, Nikita"]
[Result "1/2-1/2"]
[WhiteElo "2440"]
[BlackElo "2519"]
[Annotator "TA"]
[PlyCount "65"]
[EventDate "2021.03.23"]
[EventType "swiss"]
[EventCountry "RUS"]
[SourceTitle "playchess.com"]
[Source "ChessBase"]
[SourceQuality "1"]

{[%evp 18,65,6,0,0,0,39,51,41,34,40,34,31,31,37,0,36,39,31,35,59,53,115,38,24,30,57,31,37,21,38,37,49,27,29,0,69,20,20,16,24,20,25,15,28,0,0,0,47,0]} 1. d4 Nf6 2. c4 e6 3. Nc3 Bb4 4. e3 O-O 5. Bd2 b6 6. Nf3 Bb7 7. Bd3 d5 8. cxd5 exd5 9. O-O Nbd7 10. Rc1 a6 {10...Be7 is the modern continuation. E52: Nimzo-Indian: Rubinstein: 4...0-0 5 Nf3 d5 6 Bd3 b6.} 11. Ne5 Re8 12. f4 c5 13. Be1 {[#]} b5 $146 ({Predecessor:} 13... cxd4 14. exd4 Be7 15. a4 Nf8 16. Qf3 Ne6 17. Bf2 Bb4 18. f5 Ng5 19. Qf4 h6 {0-1 (42) Tikkanen,H (2550)-Naiditsch,A (2685) Stockholm 2010}) 14. Bh4 c4 15. Bb1 Be7 16. a3 Nf8 17. Bxf6 Bxf6 18. Qf3 Ra7 19. Rcd1 (19. Qh5 g6 $11) 19... Ng6 ({Black should play} 19... Ra8 $14) 20. e4 (20. Qh5 $16) 20... dxe4 $14 21. Bxe4 Bxe4 22. Nxe4 {[#] Threatens to win with Nc6.} Qb6 {[%cal Rg6e5]} 23. Kh1 Rc7 24. Qh3 Nf8 25. Rfe1 {Hoping for Nxc4!} Rce7 26. Qf5 Bh4 (26... Rd8 $1 $11) 27. g3 g6 28. Qg4 Bf6 29. Qf3 ({Much worse is} 29. Nxf6+ Qxf6 30. Qf3 Qd6 $17) 29... Bg7 {next ...f6 is good for Black.} 30. Nc3 {And now Nd5 would win.} Qd6 31. Ne4 Qb6 32. Nc3 {Nd5 is the strong threat.} Qd6 33. Ne4 {Weighted Error Value: White=0.12/Black=0.13} 1/2-1/2

[Event "Chelyabinskiy variant-A 2021"]
[Site "Chelyabinsk"]
[Date "2021.03.31"]
[Round "10.11"]
[White "Sitnikov, Anton"]
[Black "Salemgareev, Tagir"]
[Result "0-1"]
[WhiteElo "2437"]
[BlackElo "2480"]
[Annotator "TA"]
[PlyCount "67"]
[EventDate "2021.03.23"]
[EventType "swiss"]
[EventCountry "RUS"]
[SourceTitle "playchess.com"]
[Source "ChessBase"]
[SourceQuality "1"]

{[%evp 16,67,35,35,77,75,115,117,127,112,107,116,112,97,120,72,89,71,78,-66,-68,-68,-60,-74,-49,-52,-14,-27,-22,-20,-39,-36,-12,-23,0,0,0,0,61,47,51,41,49,0,0,4,10,0,0,-4,16,8,11,0]} 1. e4 {Erenburg,S} c5 2. Nc3 Nc6 3. Bb5 Nd4 4. Bc4 g6 5. Nf3 Bg7 6. Nxd4 cxd4 7. Qf3 Nh6 8. d3 O-O 9. Ne2 d6 {[#] B23: Closed Sicilian: Lines without g3.} 10. Nxd4 $1 {[#]} d5 $146 (10... Ng4 11. c3) ({Predecessor:} 10... Ng4 11. c3 Ne5 12. Qe2 Nxc4 13. dxc4 e5 14. Nf3 f5 15. O-O b6 16. Rd1 Bb7 {½-½ (46) Gashimov,V (2734)-Radjabov,T (2740) Astrakhan 2010 CBM 137 [Erenburg,S]}) 11. exd5 ({Weaker is} 11. Bxd5 e6 $17) 11... Ng4 {White is better.} 12. c3 Bxd4 13. cxd4 b5 {[#]} 14. Bb3 {d6! is the strong threat.} a5 15. h3 Nf6 16. d6 Ra7 17. dxe7 (17. Bh6 $16) 17... Rxe7+ $15 18. Be3 {[#] Strongly threatening 0-0.} Bb7 $1 19. Qg3 Nh5 20. Qh2 Qxd4 21. O-O-O $1 Qd7 22. Kb1 {White wants to play Bc5.} a4 23. Bc2 {next Bc5 is good for White.} Rc8 24. Rc1 b4 {Threatens to win with ...b3!} 25. Ka1 Nf6 26. Bb1 Rxc1 (26... Bc6 $11) 27. Rxc1 $14 Nd5 28. Bc5 Re8 29. Qd6 Qxd6 {The position is equal.} 30. Bxd6 Re2 31. Bc5 b3 32. g3 f5 33. Rc4 Bc6 34. Ba3 {[%mdl 32768] Weighted Error Value: White=0.14/Black=0.15. Loss on time!?} 0-1